01642nam a2200349 a 4500001001000000003000500010005001700015008004100032010001100073011001100084040000900095090001000104100003200114245024500146260004100391500006000432502010400492590004100596590004100637590004000678590004000718650006600758650004600824650004400870856007000914901000700984942001000991942000601001999001901007952013101026952013501157000113263CHAP20250926103140.0170526s2016 mx sm |||||||spa d a109724 a110696 cCHAP aTesis1 aRivera Rivera, Laura99774313aEl capital social como elemento fundamental para el desarrollo del proyecto estrategico de seguridad alimentaria (PESA) en las Localidades de Mesa Redonda y Nazaret de Altzayanca, Tlaxcala, 2012-2015"h[En línea]cpor Laura Rivera Rivera. aChapingo, Méx. :bEl autor,c2016. aPara ver el contenido del material haga clic en la liga aTesis (M.C. en Desarrollo Rural Regional) -- UACH. Dirección de Centros Regionales Universitarios aBATCH-UPDb05c20170526lUCH01h1146 aE11695DGDb10c20170529lUCH01h1143 aE5765TAJb05c20170526lUCH01h1145 aE5765TAJb05c20170526lUCH01h114614aAlimentaciónxProgramas de desarolloxEvaluación.913135914aPolítica alimentariazTlaxcala.913129312aSeguridad alimentariazTlaxcala9132361 aFinding aiduhttp://10.13.5.2/tesis/sist113263.pdfzTeclea aquí aBK cTESIS n0 c109724d109724 00104054718TESISaBCbBCd2017-05-26fTESISl0oTesisp113265-10r2019-12-31 00:00:00w2019-12-31yTESISzRecien adquirido 00102local4053708TESISaBCbBCcPA_TESISd2017-05-26fTESISl0oTesisp113265-20r2019-12-31 00:00:00tc.2w2019-12-31yTESIS